Paesi dell'Europa Prima della Seconda Guerra Mondiale con una Mappa - Statistics

Statistiche generali
  • Questo quiz è stato fatto 4.618 volte
  • Il punteggio medio è 31 su 33
Risposte nella Mappa
Le risposte nella mappa del quiz sottostante sono codificate secondo una scala di colori dal rosso al verde in base alla % di persone che hanno risposto correttamente.
 
Statistiche sulle risposte
Paese % Corretto
Francia
99%
Italia
99%
Germania
98%
Irlanda
98%
Portogallo
98%
Regno Unito
98%
Spagna
98%
Belgio
97%
Finlandia
97%
Grecia
97%
Norvegia
97%
Svezia
97%
Svizzera
97%
Danimarca
96%
Estonia
96%
Islanda
96%
Lettonia
96%
Paesi Bassi
96%
Andorra
95%
Città del Vaticano
95%
Lituania
95%
Lussemburgo
95%
Monaco
95%
Polonia
95%
Romania
95%
San Marino
95%
Unione Sovietica
95%
Bulgaria
93%
Ungheria
91%
Jugoslavia
89%
Liechtenstein
89%
Slovacchia
83%
Danzig
45%
Nessun quiz corrispondente trovato
Distribuzione punteggi
Percentuale di utenti per punteggio
Percentile per numero di risposta
I tuoi punteggi nel tempo
Non hai fatto questo quiz